000 00375nam a2200169Ia 4500
005 20250423101000.0
008 250422s9999 xx 000 0 und d
020 _a0671026852
050 _aPR 9387 .M55/
100 _aMiller, L. L.
245 0 _aSpringwater seosons
260 _aUSA
260 _bSimon & schuster
260 _c1999
300 _a144 p
942 _cBK
999 _c34934
_d34934